000 00928nam0a22002651 4500
001 rc\2308737
005 20110829141820.3
035 _a(NLR Aleph) 006469081
090 _a5915957
_c5915957
100 _a20110829d1977 |||y0rusy50 ca
101 0 _arus
102 _aRU
105 _ay z |||||
200 1 _aПредельные теоремы теории вероятностей
_e(Метод. разраб.)
210 _aКазань
_cБ. и.
_d1977
215 _a18 с.
_d20
300 _aНа обл. авт. не указан
300 _aЗагл. обл.: Предельные теоремы теории вероятности
512 0 _aПредельные теоремы теории вероятности
700 1 _aЧилап
_bА. Я.
_f1934-
_gАнатолий Яковлевич
801 0 _aRU
_bNLR
_gpsbo
801 1 _aRU
_bELAR
_2rusmarc
852 _aNLR
_j80-4/550
942 _cBOOK
980 _aNB